Management and rehabilitation of contaminated sites: international forums and emerging trends (Record no. 68196)

MARC details
000 -LEADER
fixed length control field 01227cam a2200253 4500
001 - CONTROL NUMBER
control field ABS64371
008 - FIXED-LENGTH DATA ELEMENTS--GENERAL INFORMATION
fixed length control field 010907n2001 000 0 eng u
035 ## - SYSTEM CONTROL NUMBER
System control number (Sirsi) u114477
100 ## - MAIN ENTRY--PERSONAL NAME
Personal name Guerin, T
245 ## - TITLE STATEMENT
Title Management and rehabilitation of contaminated sites: international forums and emerging trends
260 ## - PUBLICATION, DISTRIBUTION, ETC.
Date of publication, distribution, etc. 2001
490 ## - SERIES STATEMENT
Series statement Land Contamination & Reclamation
Volume/sequential designation 9(3) 2001, 307-317(10)
520 ## - SUMMARY, ETC.
Summary, etc. International co-operation in contaminated site management has increased in the past decade, reducing duplication of effort in many areas. Discusses key collaborations, partnerships and networks internationally relating to contaminated site management and remediation. The experience of these could be applied in areas where co-operation is less evident (eg Asia/Pacific) on similar environmental problems. Also provides indicators of important issues at a global level. References, tables. Taken from journal abstract.
590 ## - LOCAL NOTE (RLIN)
Local note ABS
650 ## - SUBJECT ADDED ENTRY--TOPICAL TERM
Topical term or geographic name entry element CONTAMINATED SITES
650 ## - SUBJECT ADDED ENTRY--TOPICAL TERM
Topical term or geographic name entry element REMEDIATION
650 ## - SUBJECT ADDED ENTRY--TOPICAL TERM
Topical term or geographic name entry element RISK ASSESSMENT
650 ## - SUBJECT ADDED ENTRY--TOPICAL TERM
Topical term or geographic name entry element RISK MANAGEMENT
650 ## - SUBJECT ADDED ENTRY--TOPICAL TERM
Topical term or geographic name entry element BROWNFIELD SITES
650 ## - SUBJECT ADDED ENTRY--TOPICAL TERM
Topical term or geographic name entry element INTERNATIONAL
650 ## - SUBJECT ADDED ENTRY--TOPICAL TERM
Topical term or geographic name entry element ORGANISATIONS
690 ## - LOCAL SUBJECT ADDED ENTRY--TOPICAL TERM (OCLC, RLIN)
Topical term or geographic name as entry element ENVIRONMENT-CONTAMINATION
942 ## - ADDED ENTRY ELEMENTS (KOHA)
Suppress in OPAC 0
Holdings
Withdrawn status Lost status Source of classification or shelving scheme Damaged status Not for loan Home library Current library Shelving location Date acquired Total Checkouts Full call number Barcode Date last seen Copy number Price effective from Koha item type
    Dewey Decimal Classification     London London Journal article 07/09/2001   ABS64371 114477-1001 06/08/2019 1 06/08/2019 Journal article